LEADER 01271nam a2200277 u 4500 001 000000029942 003 CaOOAMICUS 005 20070226111955.0 008 970722r19851950it u000 u lat u 020 $a8821301028 035 $a10767436 040 $aPUL$bita 100 1 $aStickler, Alphonso M.,$ccard.,$d1910-2007.$0(OLS)http://pul/name/2722 245 10$aHistoria iuris canonici latini institutiones academicae.$nv. 1,$pHistoria fontium /$cAlphonsus M. Stickler. 250 $a"Tertia impressio editionis a. 1950". 260 $aRoma :$bLibreria SAS,$c1985. 300 $a468 p. ;$c22 cm 490 1 $aStudia et textus historiae iuris canonici ;$vv. 6 650 0$aCanon law$xHistory.$2//eng$0(OLS)http://pul/subject/400 830 0$aStudia et textus historiae iuris canonici ;$vv. 6.$0(OLS)http://pul/title/14257 850 $aPUL 852 $aPUL$W1$xSL Diritto Canonico 1$y5$m145 F 26$j41394$nBK-PRI$b $qStampati$B41394$CPULBib$Z2$F41394 $HPUL53767 $81 941 1 $a8 996 $6020$a8821301028$9(OLS)http://pul/number/37611 996 $6245$aHistoria iuris canonici latini institutiones academicae.$nv. 1,$pHistoria fontium$9(OLS)http://pul/title/41079 996 $6260$aRoma :$bLibreria SAS$9(OLS)http://pul/publisher/60483 LEADER 01340nam a2200277 u 4500 001 000000005879 003 CaOOAMICUS 005 20070226104819.0 008 951023s1980 it f u000 u ita u 035 $a10149453 040 $aPUL$bita 100 1 $aSorrentino, Domenico,$carcivescovo,$d1948-$0(OLS)http://pul/name/82832 245 13$aLa conciliazione e il "Fascismo cattolico" :$bi tempi e la figura di Egilberto Martire /$cDomenico Sorrentino ; prefazione di Francesco Malgeri. 260 $a[Brescia] :$bMorcelliana,$cc1980. 300 $axv, 280 p. :$btav. (incl. ritr.) ;$c19 cm 490 1 $aBiblioteca di storia contemporanea 504 $aBibliografia: p. 263-269. 600 14$aMartire, Egilberto,$d1887-1952.$0(OLS)http://pul/subject/5404 700 1 $aMalgeri, Francesco,$d1934-$0(OLS)http://pul/name/5533 830 0$aBiblioteca di storia contemporanea (Morcelliana).$0(OLS)http://pul/title/126 850 $aPUL 852 $aPUL$W1$xDP1 Fondo Maccarrone$y58$m1514 F 30$j8355$nBK-PRI$b $qFondi$B8355$CPULBib$Z2$F8355 $H $81 941 1 $a1 961 $aINV: 3442.F.Maccarrone 996 $6245$aLa conciliazione e il "Fascismo cattolico" :$bi tempi e la figura di Egilberto Martire$9(OLS)http://pul/title/8619 996 $6260$a[Brescia] :$bMorcelliana$9(OLS)http://pul/publisher/51044